O busto da República (Registo nº 905)

Detalhes MARC
000 -Etiqueta do registo
Cabeçalho 00872nam a2200325 4500
005 - Identificador da versão
Campo de controlo 20240813121818.0
010 ## - Número internacional normalizado dos livros (ISBN)
Número (ISBN) 9725563980
021 ## - Número do Depósito Legal
Código do país PT
Número 242597/06
035 ## - Other System Control Numbers
System Control Number 0000967
System Control Number 0000952
100 ## - Dados gerais de processamento
Dados gerais de processamento 20070921d2006 em a0pory5003 ba
102 ## - Pais de publicação ou produção
País de publicação Portugal
101 0# - Língua de publicação
Língua do texto, banda sonora, etc. Português
106 ## - Campo de dados codificados: material textual
Dados codificados do material textual r
105 ## - Campo de dados codificados: livros
Dados codificados dos livros a z 000yy
215 ## - Descrição física 
Indicação específica da natureza do documento e extensão da espécie 14 p.
Outras indicações físicas il.
Dimensões 22 cm
200 1# - Titulo e menção de responsabilidade
Título próprio O busto da República
Primeira menção de responsabilidade projecto Ana Vargas
Outras menções de responsabilidade pesq. e textos Manuela Ferrão
225 2# - Colecção 
Título próprio da colecção Parlamento jovem
Indicação de volume 1
205 ## - Menção da edição
Menção da edição [1ª ed.]
210 ## - Publicação, Distribuição, etc. 
Lugar da edição, distribuição, etc. Lisboa
Nome do editor, distribuidor, etc. Assembleia da República
Data da publicação, distribuição, etc. cop. 2006
675 ## - Classificação Decimal Universal (CDU)
Notação 087.5
Edição BN
Língua da edição por
Notação 342.38(469)
Edição BN
Língua da edição por
Notação 730A/Z
Edição BN
Língua da edição por
702 #1 - Nome de autor-pessoa física (responsabilidade secundária)
Número de registo de entrada de autoridade 0001182
Palavra de ordem Ferrão
Outra parte do nome não tomada para palavra de ordem Manuela
Código de função Autor / Co-autor
700 #1 - Nome de autor-pessoa física (responsabilidade principal)
Número de registo de entrada de autoridade 0001181
Palavra de ordem Vargas
Outra parte do nome não tomada para palavra de ordem Ana
942 ## - Elementos de entrada adicionados (Koha)
Tipo de item no Koha Livro
Exemplares
Situação do levantamento Origin of item (home branch) (coded) Biblioteca de empréstimo Código de barras Cota Circulation type (not for loan) Tipo de documento Nota do exemplar Damaged status
  Biblioteca Escolar Eng. Nuno Mergulhão Biblioteca Escolar Eng. Nuno Mergulhão BENM1633 342 FER   Livro Sem mensagem